What Color are the Spanish Objects? - Statistics

General Stats
  • This quiz has been taken 17 times
  • The average score is 12 of 20
Answer Stats
Hint Answer % Correct
el agua Blue
100%
el tomate Red
93%
el sol Yellow
93%
la lavanda Purple
87%
la lechuga Green
80%
los flamencas Pink
80%
el cielo Blue
73%
la luna Gray
73%
la fresa Red
67%
el baloncesto Orange
60%
traje de papa noel Red
60%
la roca Gray
47%
la menta Green
47%
la calabaza Orange
47%
el zorro Orange
47%
las uvas Purple
40%
la col rizada Green
33%
el pato de goma Yellow
33%
el zafiro Blue
20%
el borrador Pink
20%
No matching quizzes found
Score Distribution
Percent of People with Each Score
Percentile by Number Answered
Your Score History
You have not taken this quiz